000 01127nam a22003257a 4500
003 CHAP
005 20220329133857.0
008 971013s1982 r 00010 d
010 _a12137
011 _a13109
035 _a17180
040 _cCHAP
090 _aTesis
100 0 0 _aGenie Ow, Samuel.
_947463
245 _aEstudio preliminar sobre la utilización del pasto natal Rhynchelytrum repens (Willd) C.E. Hubbard en la alimentación de conejos de engorda
260 _a(Monterrey, N.L.) :
_bEl autor,
_c1982
300 _a63 h.
502 _aTesis (Ing. Agrónomo en Producción) -- ITESM. Div. de Cienicas Agropecuarias y Marítimas
590 _aALEPH
_b10
_c20130110
_lUCH01
_h1231
590 _aBATCH-UPD
_b10
_c20130110
_lUCH01
_h0851
590 _aBATCH-UPD
_b10
_c20130410
_lUCH01
_h0523
590 _aBATCH-UPD
_b10
_c20130914
_lUCH01
_h1026
590 _aCONVERSION
_b10
_c20130109
_lUCH01
_h1308
650 1 4 _aConejos
_xAlimentación.
_926353
650 1 4 _aConejos
_xEngorda.
_926363
650 1 4 _aRhynchelitrum repens.
_997169
901 _aBK
942 _cTESIS
949 _bBC
_cTES
_d-40749
_eTS1
_i17180
_si
999 _c12137
_d12137